000 01061nam a2200265 c 4500
003 BLK
005 20180420222930.0
008 180408b bul|||||r ||||||| ||bul||
010 _aKNG00064215000
040 _aBLK
041 _aBUL
_cBUL
080 _aПодемно-транспортно оборудване в цялост. Вж и 621.87; 625.08; 625.1/.5; 625.5; 629.1; 658.286.2
_b621.86
_x(075.8)
_z621.86(075.8)
100 1 _aДивизиев, Владимир Йорданов
_eпърви автор
_9256587
139 _aПодемно-транспортни машини и системи
_bП64
245 1 0 _aПодемно-транспортни машини и системи
_bУчебник за студентите от ВТУЗ
_cВладимир Йорданов Дивизиев.
257 _aBGR
260 София
_bТехника
_c1985
300 _a368 с.
_c25 см
380 _a62
852 _aЦб 140180
856 4 _qpdf
_u
856 4 _qpdf
_u
942 _cKNG
_n0
944 _aCR
_c13.06.2004
_kЧиталня
944 _aED
_c07.09.2015
_k
999 _c60084
_d60084